000 00869nas a2200301 4500
001 BR2017001795
003 BR-BrBNA
005 20231205131013.0
007 ta
008 230509b bl.|||p| |||| 00| 00por d
040 _aBR-BrBNA
_bpor
_cBiblioteca Nacional de Agricultura
041 _a(En)
072 _aL01
100 1 _aFerraz, P.F.P.
100 1 _aYanagi Junior, T.
100 1 _aLima, R.R. de
100 1 _aFerraz, G.A. e S.
100 1 _aXin, H.
245 1 _aPerformance of chjicks subjected to thermal challenge
650 _aFRANGO DE CORTE
650 _aCRIAÇÃO
650 _aTEMPERATURA
650 _aSTRESS
650 _aPRODUÇÃO ANIMAL
773 0 _tPesquisa Agropecuária Brasileira (Brazil)
_xISSN 0100-204X
_g(Feb 2017), v. 52(2) p. 113-120
_wBR2017001795
909 _a202311
_bLúcia
_c55
_dLúcia Elande
942 _2AGRIS
_n0
_cANA
999 _c252532
_d252532